| 000 | 00764nam a22002297a 4500 | ||
|---|---|---|---|
| 005 | 20170124110202.0 | ||
| 010 | _aA-897921 | ||
| 020 |
_c00.00 _a8120713389 |
||
| 035 | _aA-897921 | ||
| 037 | _bCen Lib/Ret | ||
| 040 |
_aDPL _bEN |
||
| 082 |
_a181.45 _bRED |
||
| 100 |
_aReddy, A. V. Rathna _936286 |
||
| 245 |
_aThe political philosophy of the Bhagavad Gita / _cby A. V. Rathna Reddy |
||
| 260 |
_aNew Delhi _bSterling Paperback _c1997 |
||
| 270 |
_aL-10, Green Park Extension _bNew Delhi _e110016 |
||
| 300 |
_aviii,180p. _c21cm(Hb) |
||
| 500 | _aIncludes bibliographical references and index | ||
| 650 |
_aBhagavadgītā -- Criticism, interpretation, etc _973656 |
||
| 650 |
_aBhagavadgītā _973657 |
||
| 942 |
_2ddc _cEN _h181.45 _mRED |
||
| 999 |
_c132955 _d132955 |
||